Statistics for General knowledge #136

Click here to take the quiz!

General Stats

  • This quiz has been taken 217 times
    (196 since last reset)
  • The average score is 11 of 20

Answer Stats

HintAnswer% Correct
The social network is a film about the creation of what website?Facebook
94%
What is the next prime number after 11?13
83%
In anatomy what part of the body is affected by Glaucoma?Eyes
81%
The Lord of the Rings was filmed in what country?New Zealand
80%
What part of a cake do americans call the "frosting"?Icing
77%
What type of dish is Minestrone?Soup
77%
Who was the oldest member of the Beatles?Ringo Starr
66%
Complete the saying "if your in for a penny, your in for a _____"Pound
63%
What spanish cocktail is translated as "strained pineapple" in englishPina colada
61%
What item of clothing do australians call strides?Trousers
59%
What is the name of Fred Flintstontes daughter?Pebbles
56%
Lancs is an abbreviation of what english county?Lancashire
51%
What is the star sign of someone born on November 5th?Scorpio
48%
What is the highest peak in the British isles?Ben Nevis
46%
"I'll have what she's having" is a quote from which 1980's film?When Harry met Sally
46%
In Baseball, which team has won the most Major League titles?New York Yankees
45%
Insects of the order Hymenoptera have two sets of what?Wings
41%
How many american states still have the death penalty?31
37%
Who won the oscar award for best actor in 2005 for his role in capote?Phillip Seymour Hoffman
12%
What is the fastest tennis serve ever recorded?164 mph
1%

Score Distribution

Percentile by Number Answered

Percent of People with Each Score

Your Score History

You have not taken this quiz since the last reset